| 000 | 00651nam a2200205Ia 4500 | ||
|---|---|---|---|
| 008 | 220216s9999 xx 000 0 und d | ||
| 100 | _aGorl U | ||
| 245 | 0 | _aRubber/filler compound systems in powder form-A new raw material generation for simplification of the production processes in the rubber industry.Pr.1.Powder rubber based on E-SBR/Carbon black | |
| 260 |
_bKautschuk Gummi Kunststoffe _c2002 |
||
| 300 | _a23-32 | ||
| 650 | _aApplication | ||
| 650 | _aE-SBR/Carbon black | ||
| 650 | _aPowder batches | ||
| 650 | _aProduction | ||
| 650 | _aProducts | ||
| 700 | _aAmash A | ||
| 700 | _aBogun M | ||
| 700 | _aSchmitt M | ||
| 942 | _cJS | ||
| 999 |
_c68169 _d68169 |
||